000
00243nam a22000977a 4500
999
_c
533032
_d
533032
082
_a
813.4
_b
JAM
100
_a
Jams, Henry.
245
_a
Best of Henry James (Vol-2) /
942
_2
ddc
_c
BK